Достоевский и Омск / (Record no. 121835)
[ view plain ]
| 000 -LEADER | |
|---|---|
| fixed length control field | 00880nam a2200241 a 4500 |
| 001 - CONTROL NUMBER | |
| control field | 000326429 |
| 003 - CONTROL NUMBER IDENTIFIER | |
| control field | AM-YeHGA |
| 005 - DATE AND TIME OF LATEST TRANSACTION | |
| control field | 20250617130648.0 |
| 008 - FIXED-LENGTH DATA ELEMENTS--GENERAL INFORMATION | |
| fixed length control field | 040413s1991 ||| r 000 0 rus d |
| 020 ## - INTERNATIONAL STANDARD BOOK NUMBER | |
| International Standard Book Number | 5855402363 |
| 040 ## - CATALOGING SOURCE | |
| Original cataloging agency | AM-YeHGA |
| 041 0# - LANGUAGE CODE | |
| Language code of text/sound track or separate title | rus |
| 090 ## - LOCALLY ASSIGNED LC-TYPE CALL NUMBER (OCLC); LOCAL CALL NUMBER (RLIN) | |
| -- | 123188 |
| 100 1# - MAIN ENTRY--PERSONAL NAME | |
| Personal name | Вайнерман, Виктор Соломонович |
| 245 10 - TITLE STATEMENT | |
| Title | Достоевский и Омск / |
| Statement of responsibility, etc. | Виктор Вайнерман. |
| 260 ## - PUBLICATION, DISTRIBUTION, ETC. | |
| Place of publication, distribution, etc. | Омск : |
| Name of publisher, distributor, etc. | Омское кн. изд-во, |
| Date of publication, distribution, etc. | 1991. |
| 300 ## - PHYSICAL DESCRIPTION | |
| Extent | 127 с. |
| Other physical details | ил. |
| 504 ## - BIBLIOGRAPHY, ETC. NOTE | |
| Bibliography, etc. note | Библиогр. в примеч.: с. 119-126 |
| 600 14 - SUBJECT ADDED ENTRY--PERSONAL NAME | |
| Personal name | Достоевский, Федор Михайлович |
| 653 0# - INDEX TERM--UNCONTROLLED | |
| Uncontrolled term | Русская литература, 19 в. |
| 653 0# - INDEX TERM--UNCONTROLLED | |
| Uncontrolled term | Тюрьма, каторга и ссылка в России - История, 19 в. - Омск |
| 653 0# - INDEX TERM--UNCONTROLLED | |
| Uncontrolled term | Петрашевцы |
| Withdrawn status | Lost status | Source of classification or shelving scheme | Damaged status | Not for loan | Collection | Home library | Current library | Date acquired | Total checkouts | Full call number | Barcode | Date last seen | Price effective from | Koha item type | Public note |
|---|---|---|---|---|---|---|---|---|---|---|---|---|---|---|---|
| Universal Decimal Classification | General | Fundamental Scientific Library | Fundamental Scientific Library | 22/12/2016 | PII/632472 | FL0704651 | 22/12/2016 | 22/12/2016 | Գրքեր / Books | 30 Days Loan |
ՀՀ Գիտությունների ազգային ակադեմիայի հիմնարար գիտական գրադարան = Fundamental Scientific Library of NAS RA
All site content, except where otherwise noted, is licensed under a